000 01129nmc a2200373 a 4500
003 AR-BaBNM
005 20251128205048.0
008 226019s1995 ||||||||||||||000 | spa||
020 _a950-602-321-2
040 _cAR-BaBNM
245 1 0 _aJuicio, castigos y memorias
_bderechos humanos y justicia en la política argentina
260 _aBuenos Aires
_bNueva Visión
_c1995
300 0 _a271 p.
_btablas
490 0 _aLa investigación social
504 _aContiene un capítulo acerca de "Bibliografía Argentina sobre Derechos Humanos 1975-1990": p. 217-270
585 _aExpuesto en: Feria del Libro 2006
650 4 _aPOLITICA
650 4 _aDEMOCRACIA
650 4 _aJUSTICIA
650 4 _aDERECHOS HUMANOS
650 4 _aFUERZAS ARMADAS
650 4 _aDEMOCRATIZACION
650 4 _aBIBLIOGRAFIA
651 4 _aArgentina
700 1 _aAcuña, Carlos H.
700 1 _aGonzález Bombal, Inés
700 1 _aJelin, Elizabeth
700 1 _aLandi, Oscar
700 1 _aQuevedo, Luis Alberto
700 1 _aSmulovitz, Catalina
700 1 _aPrzeworski, Adam
_eprologuista
942 _cBK
998 _cEnrique
999 _c9828
_d9828